Clinical chemistry: theory analysis correlation. (Record no. 163687)
[ view plain ]
| 000 -LEADER | |
|---|---|
| fixed length control field | 00587nam a2200217Ia 4500 |
| 003 - CONTROL NUMBER IDENTIFIER | |
| control field | OSt |
| 005 - DATE AND TIME OF LATEST TRANSACTION | |
| control field | 20230612100402.0 |
| 008 - FIXED-LENGTH DATA ELEMENTS--GENERAL INFORMATION | |
| fixed length control field | 210423s2003 xx 000 0 und d |
| 020 ## - INTERNATIONAL STANDARD BOOK NUMBER | |
| International Standard Book Number | 100323017169 |
| 040 ## - CATALOGING SOURCE | |
| Transcribing agency | AL |
| 041 ## - LANGUAGE CODE | |
| Language code of text/sound track or separate title | eng |
| 082 ## - DEWEY DECIMAL CLASSIFICATION NUMBER | |
| Classification number | 616.0756 |
| Edition number | 23 |
| Item number | KAPL |
| 100 ## - MAIN ENTRY--PERSONAL NAME | |
| Personal name | KAPLAN (Lawrence A);others. |
| 9 (RLIN) | 98967 |
| 245 ## - TITLE STATEMENT | |
| Title | Clinical chemistry: theory analysis correlation. |
| 250 ## - EDITION STATEMENT | |
| Edition statement | 4 |
| 260 ## - PUBLICATION, DISTRIBUTION, ETC. | |
| Place of publication, distribution, etc. | Missouri |
| Name of publisher, distributor, etc. | Mosby Publication |
| Date of publication, distribution, etc. | 2003 |
| 300 ## - PHYSICAL DESCRIPTION | |
| Extent | xvi,1179 |
| Other physical details | PB |
| 365 ## - TRADE PRICE | |
| Currency code | INR |
| 906 ## - LOCAL DATA ELEMENT F, LDF (RLIN) | |
| a | analysis ; chemistry ; Clinical ; correlation ; theory |
| 942 ## - ADDED ENTRY ELEMENTS (KOHA) | |
| Source of classification or shelving scheme | Dewey Decimal Classification |
| Koha item type | Book |
| Withdrawn status | Lost status | Damaged status | Not for loan | Collection code | Home library | Current library | Date acquired | Total Checkouts | Full call number | Barcode | Date last seen | Price effective from | Koha item type |
|---|---|---|---|---|---|---|---|---|---|---|---|---|---|
| Bio Technology | St Aloysius PG Library | St Aloysius PG Library | 07/25/2008 | 616.0756 KAPL | PG010184 | 08/24/2022 | 04/26/2021 | Book | |||||
| Bio Technology | St Aloysius PG Library | St Aloysius PG Library | 07/25/2008 | 616.0756 KAPL | PG010185 | 08/24/2022 | 04/26/2021 | Book | |||||
| Bio Technology | St Aloysius PG Library | St Aloysius PG Library | 07/25/2008 | 616.0756 KAPL | PG010186 | 08/24/2022 | 04/26/2021 | Book |